000 01244nam a2200289 a 4500
001
003 DO-SdBNP
005 20220207122710.0
008 180315s2004 dr 000 0 spa d
020 _a9789945898798
040 _aDO-SdBNP
_bspa
_cBNPHU
082 _a343.0327293
_bL681c
_222
110 2 _aRepública Dominicana
240 1 0 _a[Leyes , etc.]
245 1 0 _aLey 183-02 :
_bcódigo monetario y financiero (mod. por las leyes 189-11, 167-07, 92-04 ; adecuado conforme la constitución vigente, las leyes 247-12, 494-06, 498-06, el dec. . 56-10 y sus modificaciones y revisada con las leyes 126-15, 480-08, 13-07 y 6-04)
260 _aSanto Domingo :
_bLibrería Delma
_c[200-?].
300 _a116 p. ;
_c21 cm.
500 _aIncluye referencias bibliográficas y notas al pie de las paginas
590 _aInventariado, 2022/VM
650 4 _aEstatuto orgánico del sistema financiero
_zRepública Dominicana
650 4 _aSistema financiero
_xLegislación
_zRepública Dominicana
650 4 _aInstituciones financieras
_xLegislación
_zRepública Dominicana
650 4 _aLeyes
_zRepública Dominicana
650 4 _aReformas constitucionales
_zRepública Dominicana
910 _aVMateo V.
942 _2ddc
_cBK
999 _c14017
_d14017